000 00533cam a22002171 4500
001 sa 65008727
003 DLC
005 20260227112157.0
008 830909s1964 xx 000 0 hino
010 _asa 65008727
035 _a(OCoLC)16745192
040 _aDLC
_cOrPS
_dDLC
042 _apremarc
050 0 0 _aPK2658
_b.K58
100 1 _aKohli, Surindar Singh,
_d1920-
_eed.
245 1 0 _aKahāṇī mālā.
260 _c1964.
300 _a6, 168 p.
_c19 cm.
500 _aRomanized.
650 0 _aShort stories, Panjabi.
999 _c65820
_d65820